000 00485nam a2200157Ia 4500
008 220531s9999 xx 000 0 und d
041 _amar
100 _aकोण्‍णूर एम. बी. आणि इतर
_955167
245 _aग्रंथालय व माहितीशास्‍त्र कोश
260 _aPune
_bDiamand
_c2008
300 _a410
542 _d11-09-2009
650 _aGeneral
_955168
906 _d2009-2010
999 _c31886
_d31886